000 00404nam a2200157 i 4500
001 42981
003 ES-MaACL
005 20230906160719.0
007 t|
008 030314s1969 sp ||||1| spa d
100 1 _aCastro, José.
_936865
245 1 0 _aConcierto en rima /
_cJosé Castro.
260 _aMadrid :
_bAlfaguara,
_c1969.
300 _a62 p. ;
_c21 cm.
852 _aES-MaACL
_jC-36056
_bR.69279
999 _c42981
_d42981